000 00268nam a22001097a 4500
008 160510b xxu||||| |||| 00| 0 eng d
020 _a9780072974584
041 _aeng
080 _a61
245 _aComputers in the medical office:
_cSusan M.Sanderson;
942 _2udc
_cBK
999 _c2002
_d2002